000 00919nam a22001937a 4500
999 _c59540
_d59540
003 Ge_BSU
005 20230313101332.0
008 230313s1998 ge ||||| |||| 00| 0 geo d
020 _a9992822368
041 _ageo
080 _a342(035) კ-72
245 _aკონსტიტუციური (სახელმწიფო) სამართალი :
_bცნობარი /
_c [ავტ.-შემდგ.: პაატა ცნობილაძე].
264 _aთბილისი :
_b მერიდიანი,
_c1998.
300 _a256 გვ. ;
_b20 სმ.
653 _aკონსტიტუციური სამართალი -- ცნობარები
653 _aსახელმწიფო სამართალი -- ცნობარები
700 _aცნობილაძე, პაატა
_eავტ.-შემდგ.
_98149
942 _2udc
_cBK